Learners with Hearing Imparement's Academic Performance : (Record no. 266296)
[ view plain ]
| 000 -LEADER | |
|---|---|
| fixed length control field | 00572nam a22001457a 4500 |
| 003 - CONTROL NUMBER IDENTIFIER | |
| control field | OSt |
| 005 - DATE AND TIME OF LATEST TRANSACTION | |
| control field | 20260526074108.0 |
| 008 - FIXED-LENGTH DATA ELEMENTS--GENERAL INFORMATION | |
| fixed length control field | 260526b |||||||| |||| 00| 0 eng d |
| 024 ## - OTHER STANDARD IDENTIFIER | |
| Standard number or code | MSNE/6003/2021 |
| 040 ## - CATALOGING SOURCE | |
| Transcribing agency | Rongo University |
| 050 ## - LIBRARY OF CONGRESS CALL NUMBER | |
| Classification number | LB 1028 |
| Item number | O35 2025. |
| 245 ## - TITLE STATEMENT | |
| Title | Learners with Hearing Imparement's Academic Performance : |
| Remainder of title | An Investigation Of The Influencing Factors In Public Inclusive Junior Schools In Rachuonyo East Sub-County , HomaBay County ,Kenya. |
| Statement of responsibility, etc | Auma Jacinter Ogada. |
| 260 ## - PUBLICATION, DISTRIBUTION, ETC. (IMPRINT) | |
| Place of publication, distribution, etc | Rongo University.Kenya |
| Name of publisher, distributor, etc | Rongo University |
| Date of publication, distribution, etc | 2025 |
| 942 ## - ADDED ENTRY ELEMENTS (KOHA) | |
| Source of classification or shelving scheme | Library of Congress Classification |
| Koha item type | Thesis |
| Withdrawn status | Lost status | Source of classification or shelving scheme | Damaged status | Not for loan | Home library | Current library | Shelving location | Date acquired | Total Checkouts | Full call number | Barcode | Date last seen | Price effective from | Koha item type |
|---|---|---|---|---|---|---|---|---|---|---|---|---|---|---|
| Library of Congress Classification | Rongo University Library | Rongo University Library | Reference | 26/05/2026 | LB 1028 O35 2025. | RU/SED/2025/149 | 26/05/2026 | 26/05/2026 | Thesis |
